Engineering graphics problems : (Record no. 183028)

000 -LEADER
fixed length control field 00646 a2200193 4500
003 - CONTROL NUMBER IDENTIFIER
control field Nust
005 - DATE AND TIME OF LATEST TRANSACTION
control field 20221014110552.0
010 ## - LIBRARY OF CONGRESS CONTROL NUMBER
LC control number 93223006
020 ## - INTERNATIONAL STANDARD BOOK NUMBER
International Standard Book Number 0024149403
040 ## - CATALOGING SOURCE
Transcribing agency Nust
082 00 - DEWEY DECIMAL CLASSIFICATION NUMBER
Classification number 604.2,SPE
245 00 - TITLE STATEMENT
Title Engineering graphics problems :
Name of part/section of a work Series I /
Statement of responsibility, etc. Henry Cecil Spencer ... [et al.].
250 ## - EDITION STATEMENT
Edition statement 2nd. ed.
260 ## - PUBLICATION, DISTRIBUTION, ETC.
Place of publication, distribution, etc. New York :
Name of publisher, distributor, etc. Macmillan Pub. Co.,
Date of publication, distribution, etc. c1993.
300 ## - PHYSICAL DESCRIPTION
Extent 1 v. (various pagings) ;
Dimensions 28 cm.
505 ## - FORMATTED CONTENTS NOTE
Formatted contents note Technical Drawing (Page-1), Descriptive Geometry (Page-48), Graphs and Graphical Computation (Page-87).
650 #0 - SUBJECT ADDED ENTRY--TOPICAL TERM
Topical term or geographic name entry element Engineering graphics
General subdivision Problems, exercises, etc.
9 (RLIN) 100294
942 ## - ADDED ENTRY ELEMENTS (KOHA)
Source of classification or shelving scheme
Koha item type Book
Holdings
Withdrawn status Lost status Source of classification or shelving scheme Damaged status Not for loan Permanent Location Current Location Shelving location Date acquired Full call number Barcode Date last seen Price effective from Koha item type Public note
          Military College of Signals (MCS) Military College of Signals (MCS) General Stacks 12/12/2016 604.2,SPE MCS6517 12/08/2016 12/12/2016 Book Almirah No.26, Shelf No.2
© 2023 Central Library, National University of Sciences and Technology. All Rights Reserved.